| 000 -LEADER |
| fixed length control field |
00325nam a22001337a 4500 |
| 020 ## - INTERNATIONAL STANDARD BOOK NUMBER |
| ISBN |
9789673498413 |
| 082 ## - DEWEY DECIMAL CLASSIFICATION NUMBER |
| Classification number |
004 |
| Item number |
10378 |
| 100 ## - MAIN ENTRY--AUTHOR NAME |
| Personal name |
Ramez Elmasri; Shamkant B. Navathe |
| 245 ## - TITLE STATEMENT |
| Title |
Fundamentals of Database System |
| Statement of responsibility, etc |
Pearson |
| 250 ## - EDITION STATEMENT |
| Edition statement |
7th ed. |
| 260 ## - PUBLICATION, DISTRIBUTION, ETC. (IMPRINT) |
| Place of publication |
Malaysia |
| Name of publisher |
Pearson |
| Year of publication |
2020 |
| 300 ## - PHYSICAL DESCRIPTION |
| Number of Pages |
1242 |
| 942 ## - ADDED ENTRY ELEMENTS (KOHA) |
| Koha item type |
Computer System Engineering |